000
00231nam a2200097Ia 4500
001
849826
005
20250826174426.0
008
250824s9999 xx 000 0 und d
245
0
_a
TOM SAWYER
_c
MARK TWAIN
260
_b
İSKELE YAYINLARI
999
_c
849826
_d
849826